000 00603nam a2200229Ia 4500
003 OSt
005 20220926044720.0
006 a|||||r|||| 00| 0
007 ta
008 220923b |||||||| |||| 00| 0 eng d
037 _cGeneral Book
040 _aRTL
_cRTL
_beng
041 _2eng
_aeng
082 _aX:97.252.N6, K5
100 _aRastogi J.L
_9273844
245 0 _aIndustrial relation in Uttar Pradesh
260 _c1960
300 _a266p
_ccm.
650 _aIndustrial Relations
_9232314
942 _hX:97.252.N6, K5
_cGB
_2CC
999 _c675609
_d675609